[Event "Romanian Rapid Open 2022"]
[Site "Sebes"]
[Date "2022.12.02"]
[Round "8.21"]
[White "Itkis, Boris"]
[Black "Danila, Tudor-Gabriel"]
[Result "1-0"]
[WhiteElo "2343"]
[BlackElo "1939"]
[Annotator "TA"]
[PlyCount "83"]
[EventDate "2022.12.02"]
[EventType "rapid"]
[EventCountry "ROU"]
[SourceTitle "playchess.com"]
[Source "ChessBase"]
[SourceQuality "1"]

1. d4 Nf6 2. c4 e6 3. Nf3 d5 4. g3 b6 5. Bg2 Bb7 6. O-O Be7 7. Nc3 O-O 8. cxd5 exd5 9. Ne5 Nbd7 10. Qa4 Nxe5 11. dxe5 Nd7 12. Nxd5 Nc5 13. Qc4 Ba6 14. Qg4 c6 15. Bh6 Ne6 16. Nxe7+ Qxe7 17. Rfd1 Kh8 18. Be3 Rac8 19. h4 c5 20. h5 h6 21. Rd2 f5 22. exf6 Qxf6 23. Rad1 Rce8 24. Qf3 Qe5 25. Qd5 Qf6 26. Bf3 Rd8 27. Qc6 Rc8 28. Qa4 Nc7 29. Qf4 Qe6 30. Qg4 Qf6 31. b3 Rce8 32. Qf4 Qe7 33. Rd7 Rxf4 34. Rxe7 Rxe7 35. Bxf4 Ne6 36. Be5 Ng5 37. Rd8+ Kh7 38. Bd5 Nf7 39. Bxf7 Rxf7 40. e3 Bb7 41. f4 g6 42. Rh8# 1-0

[Event "Romanian Rapid Open 2022"]
[Site "Sebes"]
[Date "2022.12.02"]
[Round "8.22"]
[White "Tamas, Christian-Arrydan"]
[Black "Teodorescu, Razvan"]
[Result "0-1"]
[WhiteElo "1917"]
[BlackElo "2118"]
[Annotator "TA"]
[PlyCount "104"]
[EventDate "2022.12.02"]
[EventType "rapid"]
[EventCountry "ROU"]
[SourceTitle "playchess.com"]
[Source "ChessBase"]
[SourceQuality "1"]

1. d4 e6 2. c4 f5 3. Nf3 Nf6 4. g3 g6 5. Bg2 Bg7 6. O-O O-O 7. Nbd2 d6 8. b3 Ne4 9. Bb2 Nc6 10. e3 Qe7 11. a3 Nxd2 12. Qxd2 e5 13. dxe5 dxe5 14. Rad1 Be6 15. Qc1 a5 16. Qa1 Bf7 17. h4 a4 18. b4 Bxc4 19. Rc1 Bxf1 20. Bxf1 h6 21. b5 Na5 22. Bc3 Nb3 23. Bc4+ Kh7 24. Bxb3 axb3 25. Bb4 Qxb4 26. axb4 Rxa1 27. Rxa1 Rd8 28. Rb1 e4 29. Nd4 Bxd4 30. exd4 Rxd4 31. Rxb3 Rc4 32. Kf1 Kg7 33. Ke2 Kf6 34. f3 Ke5 35. fxe4 fxe4 36. Kf2 Kd4 37. Rb1 Rc2+ 38. Kf1 e3 39. Rd1+ Ke4 40. Rd7 Kf3 41. Rf7+ Kxg3 42. b6 cxb6 43. Rxb7 Rc6 44. h5 gxh5 45. Re7 Kf3 46. Rf7+ Ke4 47. Re7+ Kd3 48. Rd7+ Kc4 49. Re7 Kxb4 50. Rxe3 Rd6 51. Re5 b5 52. Rxh5 Re6 0-1

[Event "Romanian Rapid Open 2022"]
[Site "Sebes"]
[Date "2022.12.02"]
[Round "8.23"]
[White "Craciun, Ovidiu"]
[Black "Tampea, Radu"]
[Result "0-1"]
[WhiteElo "1857"]
[BlackElo "2110"]
[Annotator "TA"]
[PlyCount "66"]
[EventDate "2022.12.02"]
[EventType "rapid"]
[EventCountry "ROU"]
[SourceTitle "playchess.com"]
[Source "ChessBase"]
[SourceQuality "1"]

1. e4 c5 2. Nf3 Nc6 3. d4 cxd4 4. Nxd4 g6 5. Nc3 Bg7 6. Be3 Nf6 7. Bc4 O-O 8. Bb3 d6 9. f3 Na5 10. Qe2 a6 11. g4 e5 12. Nf5 gxf5 13. gxf5 Nxb3 14. axb3 d5 15. Rg1 Kh8 16. Bg5 Qb6 17. O-O-O d4 18. Qf2 Qc6 19. Nd5 Nxd5 20. exd5 Qd6 21. f6 Bxf6 22. Qh4 Bd8 23. Qg3 Bf5 24. Bxd8 Bg6 25. Bg5 Rac8 26. Rg2 f6 27. Bh6 Rf7 28. Rxd4 Rfc7 29. Rdd2 Rc5 30. h4 Rxd5 31. h5 Rxc2+ 32. Kb1 Rcxd2+ 33. hxg6 Rd1+ 0-1

[Event "Romanian Rapid Open 2022"]
[Site "Sebes"]
[Date "2022.12.02"]
[Round "8.24"]
[White "Cordea, David"]
[Black "Dobre, Ana-Margareta-Alexan"]
[Result "1-0"]
[WhiteElo "2049"]
[BlackElo "1857"]
[Annotator "TA"]
[PlyCount "43"]
[EventDate "2022.12.02"]
[EventType "rapid"]
[EventCountry "ROU"]
[SourceTitle "playchess.com"]
[Source "ChessBase"]
[SourceQuality "1"]

1. d4 Nf6 2. Nf3 d5 3. Bf4 e6 4. e3 Be7 5. c4 O-O 6. h3 c5 7. dxc5 Bxc5 8. Nc3 Bb4 9. Qb3 Nc6 10. O-O-O Bxc3 11. Qxc3 Ne4 12. Qe1 Qb6 13. Bd3 f5 14. Bxe4 fxe4 15. Ne5 d4 16. Kb1 d3 17. f3 Rf5 18. Nxc6 bxc6 19. fxe4 Ra5 20. Qc3 Ba6 21. Rxd3 Ra4 22. Rd7 1-0

[Event "Romanian Rapid Open 2022"]
[Site "Sebes"]
[Date "2022.12.02"]
[Round "8.25"]
[White "Vasilca, Cornel"]
[Black "Ambru, Dan-Calin"]
[Result "0-1"]
[WhiteElo "1520"]
[BlackElo "1957"]
[Annotator "TA"]
[PlyCount "127"]
[EventDate "2022.12.02"]
[EventType "rapid"]
[EventCountry "ROU"]
[SourceTitle "playchess.com"]
[Source "ChessBase"]
[SourceQuality "1"]

1. e4 c5 2. Nc3 Nc6 3. Nf3 e5 4. Bc4 Be7 5. d3 Nf6 6. a3 O-O 7. h3 d6 8. Nd5 Nxd5 9. Bxd5 Be6 10. Bxe6 fxe6 11. Be3 d5 12. Qd2 Qc7 13. Bg5 Bd6 14. O-O Rxf3 15. gxf3 Nd4 16. Qd1 Qf7 17. f4 exf4 18. c3 Nc6 19. Qg4 Ne5 20. Qe2 Qg6 21. h4 h6 22. d4 f3 23. Qe3 hxg5 24. Qxg5 Qxg5+ 25. hxg5 Ng4 26. e5 Be7 27. Rad1 c4 28. Kh1 Kf7 29. Kg1 a5 30. b3 cxb3 31. Rd3 Bxg5 32. Rxf3+ Kg6 33. Rg3 Kf5 34. Rh3 b2 35. Rf3+ Ke4 36. Kg2 Bc1 37. Re1+ Ne3+ 38. Rexe3+ Bxe3 39. Rxe3+ Kf5 40. Re1 Rc8 41. Rb1 Rxc3 42. Rxb2 Rxa3 43. Rxb7 g5 44. Rf7+ Ke4 45. Re7 Kxd4 46. Rxe6 Ra1 47. Re8 Re1 48. e6 a4 49. e7 a3 50. Ra8 Rxe7 51. Rxa3 Re5 52. Kf3 Kc4 53. Ra4+ Kb5 54. Ra8 d4 55. Rb8+ Kc4 56. Rc8+ Kd3 57. Ra8 Rf5+ 58. Kg2 Kc2 59. Ra2+ Kb3 60. Ra7 d3 61. Rb7+ Kc2 62. Rc7+ Kd1 63. Kf1 Re5 64. Kg2 0-1

[Event "Romanian Rapid Open 2022"]
[Site "Sebes"]
[Date "2022.12.02"]
[Round "8.26"]
[White "Ghita, Vlad-Bogdan"]
[Black "Cazan, Mircea-Andrei"]
[Result "1-0"]
[WhiteElo "1938"]
[BlackElo "1898"]
[Annotator "TA"]
[PlyCount "107"]
[EventDate "2022.12.02"]
[EventType "rapid"]
[EventCountry "ROU"]
[SourceTitle "playchess.com"]
[Source "ChessBase"]
[SourceQuality "1"]

1. e4 g6 2. d4 Bg7 3. Nc3 d6 4. Be3 c6 5. a4 Nd7 6. Nge2 e5 7. h3 Qc7 8. g4 Nb6 9. Ng3 Ne7 10. a5 Nd7 11. Qd2 h6 12. Bg2 a6 13. O-O g5 14. Nh5 O-O 15. Rfd1 Ng6 16. Nxg7 Kxg7 17. dxe5 dxe5 18. Qd6 Qxd6 19. Rxd6 Nf6 20. Rad1 Be6 21. Na4 Ne8 22. R6d2 Nf4 23. Nc5 Rb8 24. Nxe6+ Nxe6 25. Bb6 N8c7 26. Rd7 Rbc8 27. Bf1 Na8 28. Rxb7 Nxb6 29. Rxb6 Nd4 30. c3 Ne6 31. Bc4 Nc5 32. f3 Na4 33. Rb4 Nc5 34. Kf2 Kf6 35. Rd2 Rfe8 36. Rb6 Na4 37. Rxa6 Re7 38. Rd6+ Kg7 39. Raxc6 Rb8 40. b4 Nxc3 41. Bd3 Na4 42. b5 Ra7 43. a6 Nb2 44. Be2 Na4 45. Rxh6 Raa8 46. Rhd6 Ra7 47. Rd2 Nb6 48. Rdd6 Na4 49. Ke3 Raa8 50. Rf6 Ra7 51. Rf5 Rd7 52. Rxg5+ Kf8 53. Rxe5 Nb2 54. b6 1-0

[Event "Romanian Rapid Open 2022"]
[Site "Sebes"]
[Date "2022.12.02"]
[Round "8.27"]
[White "Matasaru, Stephanie"]
[Black "Zaharie, Ioan"]
[Result "1-0"]
[WhiteElo "1975"]
[BlackElo "1704"]
[Annotator "TA"]
[PlyCount "50"]
[EventDate "2022.12.02"]
[EventType "rapid"]
[EventCountry "ROU"]
[SourceTitle "playchess.com"]
[Source "ChessBase"]
[SourceQuality "1"]

1. e4 c5 2. Nf3 e6 3. d4 cxd4 4. Nxd4 a6 5. Nc3 Qc7 6. Qd3 b5 7. Qg3 d6 8. Bd3 Bb7 9. Be3 Nf6 10. a3 Nc6 11. O-O h6 12. f4 Rc8 13. Nxc6 Bxc6 14. e5 Nh5 15. Qg4 g6 16. Bxg6 fxg6 17. Qxe6+ Kd8 18. Qxg6 Ng7 19. exd6 Bxd6 20. Rad1 Ne8 21. Bc5 Rh7 22. Bxd6 Nxd6 23. Rxd6+ Rd7 24. Qf6+ Ke8 25. Qh8+ Kf7 1-0

[Event "Romanian Rapid Open 2022"]
[Site "Sebes"]
[Date "2022.12.02"]
[Round "8.28"]
[White "Nagy-Elek, Tamas"]
[Black "Dima, Ioan-Radu"]
[Result "1/2-1/2"]
[WhiteElo "1976"]
[BlackElo "1819"]
[Annotator "TA"]
[PlyCount "111"]
[EventDate "2022.12.02"]
[EventType "rapid"]
[EventCountry "ROU"]
[SourceTitle "playchess.com"]
[Source "ChessBase"]
[SourceQuality "1"]

1. e4 e5 2. Nf3 Nf6 3. Nc3 Bb4 4. Nxe5 O-O 5. Be2 Bxc3 6. dxc3 Nxe4 7. O-O d5 8. Bf3 Re8 9. Nd3 Bf5 10. Be3 c6 11. Nc5 Nxc5 12. Bxc5 Nd7 13. Be3 Ne5 14. Be2 Nc4 15. Bxc4 dxc4 16. Qe2 Qh4 17. Rad1 Qe4 18. Rc1 a6 19. Rfe1 Rad8 20. Qf1 Qd5 21. Bb6 Rc8 22. Be3 Qb5 23. b3 Be6 24. Qe2 Qa5 25. b4 Qf5 26. Bd4 Qg6 27. Kh1 f6 28. Qe4 Qxe4 29. Rxe4 Bd5 30. Re3 Rxe3 31. Bxe3 Re8 32. Kg1 Kf7 33. Kf1 f5 34. Rd1 h6 35. Bd4 g6 36. f3 g5 37. Re1 Rxe1+ 38. Kxe1 g4 39. Ke2 h5 40. Ke3 gxf3 41. gxf3 Be6 42. h4 Kg6 43. Bb6 Kf7 44. Kd4 Bd5 45. f4 Ke6 46. Bc7 Kd7 47. Be5 b5 48. Kc5 Be4 49. Kb6 Bxc2 50. Kxa6 Ke6 51. Kb6 Kd5 52. Kc7 Be4 53. Kd7 Bf3 54. Kc7 Be4 55. Kb6 Bc2 56. Kc7 1/2-1/2

[Event "Romanian Rapid Open 2022"]
[Site "Sebes"]
[Date "2022.12.02"]
[Round "8.29"]
[White "Cristea, Virgil"]
[Black "Tudor, Henry Edward"]
[Result "0-1"]
[WhiteElo "1493"]
[BlackElo "1943"]
[Annotator "TA"]
[PlyCount "69"]
[EventDate "2022.12.02"]
[EventType "rapid"]
[EventCountry "ROU"]
[SourceTitle "playchess.com"]
[Source "ChessBase"]
[SourceQuality "1"]

1. e4 c5 2. Nf3 e6 3. d4 cxd4 4. Nxd4 a6 5. Be3 Nf6 6. f3 Qc7 7. Bd3 d5 8. Nd2 Bc5 9. Qe2 Nbd7 10. N4b3 Bd6 11. O-O-O Bxh2 12. g3 Bxg3 13. Rdg1 g6 14. Bg5 Bf4 15. exd5 Nxd5 16. Kb1 Be5 17. Nc4 Bg7 18. Rd1 b5 19. Nca5 N7b6 20. Be4 Qe5 21. Bc1 Bd7 22. Rhe1 O-O 23. Qf2 Qc7 24. f4 Nc4 25. Bxd5 exd5 26. Qc5 Rac8 27. Qxc7 Rxc7 28. Nxc4 dxc4 29. Nd4 Bg4 30. Rd2 Rd7 31. Nc6 c3 32. Rg2 Bf3 33. Rf2 Bxc6 34. bxc3 Bxc3 35. Rh1 0-1

[Event "Romanian Rapid Open 2022"]
[Site "Sebes"]
[Date "2022.12.02"]
[Round "8.30"]
[White "Bucur, Denisa-Andreea"]
[Black "Lup, Constantin-Ionel"]
[Result "1-0"]
[WhiteElo "1953"]
[BlackElo "1739"]
[Annotator "TA"]
[PlyCount "63"]
[EventDate "2022.12.02"]
[EventType "rapid"]
[EventCountry "ROU"]
[SourceTitle "playchess.com"]
[Source "ChessBase"]
[SourceQuality "1"]

1. d4 d6 2. Nf3 g6 3. c4 Bg7 4. g3 Nd7 5. Bg2 e5 6. e4 exd4 7. Nxd4 Ne7 8. O-O O-O 9. Nc3 Nc6 10. Nxc6 bxc6 11. Be3 Ne5 12. Qa4 c5 13. Nd5 Be6 14. Bf4 c6 15. Ne3 Qb6 16. Rad1 Rfd8 17. b3 Rd7 18. Nc2 Rad8 19. h3 d5 20. cxd5 cxd5 21. exd5 Bf5 22. Ne3 Bd3 23. Rfe1 Bb5 24. Qe4 Re8 25. Qc2 Rc8 26. Nc4 Nxc4 27. bxc4 Ba6 28. Qa4 Rdd8 29. Rb1 Qf6 30. Be5 Qf5 31. Bxg7 Kxg7 32. Qxa6 1-0

[Event "Romanian Rapid Open 2022"]
[Site "Sebes"]
[Date "2022.12.02"]
[Round "8.31"]
[White "Arion, Ilie"]
[Black "Dragut, Stefan-Cristian"]
[Result "1-0"]
[WhiteElo "1924"]
[BlackElo "1217"]
[Annotator "TA"]
[PlyCount "105"]
[EventDate "2022.12.02"]
[EventType "rapid"]
[EventCountry "ROU"]
[SourceTitle "playchess.com"]
[Source "ChessBase"]
[SourceQuality "1"]

1. d4 d5 2. c4 c6 3. Nf3 Nf6 4. Bf4 dxc4 5. e3 Bf5 6. Bxc4 e6 7. Nc3 Bd6 8. Bxd6 Qxd6 9. O-O O-O 10. h3 Nbd7 11. Re1 Nb6 12. Bb3 Qc7 13. e4 Bg6 14. Qe2 Rad8 15. Rac1 Qe7 16. Rcd1 Rd7 17. Ne5 Rdd8 18. Nxg6 hxg6 19. Qf3 Qc7 20. e5 Nfd5 21. Ne4 Nc8 22. Qg4 Nce7 23. Ng5 Nf5 24. Bc2 Nh6 25. Qg3 Ne7 26. Ne4 Nef5 27. Qc3 Qb6 28. Nc5 Qc7 29. Bb3 Ne7 30. Ne4 Nd5 31. Bxd5 Rxd5 32. g4 Rfd8 33. Nd6 Kh8 34. b4 a5 35. b5 R8xd6 36. exd6 Qxd6 37. bxc6 bxc6 38. Re3 c5 39. Red3 cxd4 40. Rxd4 Rxd4 41. Rxd4 Qb6 42. Ra4 Qb1+ 43. Kg2 Qb7+ 44. Qf3 Qb5 45. Qa8+ Kh7 46. Rxa5 Qc4 47. Qf3 Qc7 48. Rb5 Qc4 49. Rb3 f5 50. g5 Nf7 51. Qg3 Qe4+ 52. Kh2 Ne5 53. Re3 1-0

[Event "Romanian Rapid Open 2022"]
[Site "Sebes"]
[Date "2022.12.02"]
[Round "8.32"]
[White "Sandru, Nicolae"]
[Black "Zubcu, Vlad-George"]
[Result "0-1"]
[WhiteElo "1647"]
[BlackElo "2135"]
[Annotator "TA"]
[PlyCount "58"]
[EventDate "2022.12.02"]
[EventType "rapid"]
[EventCountry "ROU"]
[SourceTitle "playchess.com"]
[Source "ChessBase"]
[SourceQuality "1"]

1. d4 Nf6 2. Bf4 d6 3. e3 g6 4. h3 Bg7 5. Nd2 O-O 6. Ngf3 Nbd7 7. Be2 Re8 8. O-O e5 9. Bh2 e4 10. Ne1 b6 11. c4 Bb7 12. b4 Nf8 13. Rb1 h6 14. Nc2 g5 15. a4 Ng6 16. Na3 Nh4 17. c5 Bc8 18. cxd6 c6 19. b5 c5 20. dxc5 bxc5 21. Qc2 Bd7 22. Qxc5 Rc8 23. Qb4 Nd5 24. Qb3 Nc3 25. Bc4 Bxh3 26. Bxf7+ Kh8 27. Bg3 Qd7 28. gxh3 Qxh3 29. Bxh4 Ne2# 0-1

[Event "Romanian Rapid Open 2022"]
[Site "Sebes"]
[Date "2022.12.02"]
[Round "8.33"]
[White "Filip, Andrei"]
[Black "Maresanu, Mina-Andrei"]
[Result "1-0"]
[WhiteElo "2331"]
[BlackElo "1877"]
[Annotator "TA"]
[PlyCount "57"]
[EventDate "2022.12.02"]
[EventType "rapid"]
[EventCountry "ROU"]
[SourceTitle "playchess.com"]
[Source "ChessBase"]
[SourceQuality "1"]

1. e4 c5 2. Nf3 Nc6 3. Bb5 e6 4. O-O a6 5. Bxc6 dxc6 6. d3 Nf6 7. a4 Be7 8. a5 O-O 9. Nbd2 Qc7 10. Nc4 Rd8 11. Qe2 Bd7 12. g3 Ne8 13. Be3 f6 14. e5 f5 15. Nfd2 Qb8 16. Nb3 Nc7 17. Nb6 Ra7 18. Nxc5 Be8 19. f4 Bf7 20. Ncd7 Rxd7 21. Nxd7 Qd8 22. Bxa7 Qxd7 23. Qf2 Qd5 24. Qd4 Qxd4+ 25. Bxd4 Nd5 26. c3 Kf8 27. b4 Ke8 28. Rfc1 Bh5 29. Bc5 1-0

[Event "Romanian Rapid Open 2022"]
[Site "Sebes"]
[Date "2022.12.02"]
[Round "8.34"]
[White "Lupulescu, Adrian-Calin"]
[Black "Vajda, Mihaly"]
[Result "1-0"]
[WhiteElo "1930"]
[BlackElo "1769"]
[Annotator "TA"]
[PlyCount "73"]
[EventDate "2022.12.02"]
[EventType "rapid"]
[EventCountry "ROU"]
[SourceTitle "playchess.com"]
[Source "ChessBase"]
[SourceQuality "1"]

1. d4 d5 2. Nf3 c6 3. g3 Nf6 4. Bg2 Bf5 5. O-O e6 6. Nbd2 Bd6 7. b3 h6 8. Bb2 O-O 9. c4 Ne4 10. Nxe4 Bxe4 11. Nd2 Bxg2 12. Kxg2 Nd7 13. e4 dxe4 14. Nxe4 Be7 15. Qe2 Nf6 16. Nc3 Qc7 17. Rfe1 Rfe8 18. Rad1 Rad8 19. a3 a6 20. Rc1 Qb6 21. b4 Qc7 22. Red1 Qb8 23. Qf3 Rd7 24. Ne2 Red8 25. Nf4 Qa8 26. Nd3 Bd6 27. d5 exd5 28. Bxf6 gxf6 29. cxd5 Be7 30. Nf4 c5 31. bxc5 Qc8 32. Nh5 Kh7 33. d6 Bxd6 34. cxd6 Qb8 35. Nxf6+ Kg7 36. Nxd7 Rxd7 37. Qg4+ 1-0

[Event "Romanian Rapid Open 2022"]
[Site "Sebes"]
[Date "2022.12.02"]
[Round "8.35"]
[White "Pop, Ioan I."]
[Black "Arandjelovic, Aleksandar Z"]
[Result "0-1"]
[WhiteElo "1540"]
[BlackElo "1899"]
[Annotator "NA RC COMBH"]
[PlyCount "74"]
[EventDate "2022.12.02"]
[EventType "rapid"]
[EventCountry "ROU"]
[SourceTitle "playchess.com"]
[Source "ChessBase"]
[SourceQuality "1"]

1. e4 c5 2. d4 cxd4 3. c3 d3 4. Bxd3 Nc6 5. Nf3 d6 6. O-O g6 7. Qe2 Bg4 8. Bf4 Bg7 9. h3 Bxf3 10. Qxf3 Nf6 11. Qe3 O-O 12. Bh6 Ne5 13. Bxg7 Kxg7 14. Bc2 Nc4 15. Qc1 Rc8 16. b3 Ne5 17. c4 Qb6 18. Nc3 a6 19. Nd5 Nxd5 20. exd5 Qd4 21. Qe3 Qxe3 22. fxe3 b5 23. Rac1 bxc4 24. bxc4 Rxc4 25. Bb3 Rxc1 26. Rxc1 f5 27. Rc7 Kf6 28. Ra7 Rc8 29. Rxa6 Rc1+ 30. Kh2 h5 31. Ra4 g5 32. h4 gxh4 33. Rxh4 Ng4+ 34. Kg3 Kg5 35. Rh3 Rc3 36. Bd1 Rxe3+ 37. Bf3 f4# 0-1

[Event "Romanian Rapid Open 2022"]
[Site "Sebes"]
[Date "2022.12.02"]
[Round "8.36"]
[White "Tariceanu, Victor"]
[Black "Negrean, Andrei"]
[Result "1/2-1/2"]
[WhiteElo "1720"]
[BlackElo "1991"]
[Annotator "TA"]
[PlyCount "85"]
[EventDate "2022.12.02"]
[EventType "rapid"]
[EventCountry "ROU"]
[SourceTitle "playchess.com"]
[Source "ChessBase"]
[SourceQuality "1"]

1. e4 c5 2. g3 Nc6 3. Bg2 g6 4. Ne2 Bg7 5. c3 e5 6. d3 Nge7 7. Be3 d6 8. O-O O-O 9. Nd2 b6 10. Qc2 Bb7 11. c4 f5 12. f4 Nb4 13. Qb3 a5 14. a4 Qd7 15. Rfd1 Rae8 16. Nb1 Nec6 17. Nbc3 Nd4 18. Bxd4 exd4 19. Nd5 Bxd5 20. cxd5 fxe4 21. Bxe4 Re7 22. Re1 Rfe8 23. Nc1 Qb7 24. Na2 Na6 25. Rad1 Kh8 26. Kf2 Nb8 27. Qb5 Nd7 28. Qc6 Qb8 29. Bf3 Nf6 30. Nc1 Re3 31. Re2 Qd8 32. Rde1 Rxe2+ 33. Rxe2 Rxe2+ 34. Nxe2 Kg8 35. g4 h6 36. Ng3 Kf7 37. Ne4 Nxe4+ 38. dxe4 d3 39. Ke3 Bxb2 40. Kxd3 g5 41. Qb7+ Kf6 42. Qh7 Qf8 43. Qf5+ 1/2-1/2

[Event "Romanian Rapid Open 2022"]
[Site "Sebes"]
[Date "2022.12.02"]
[Round "8.38"]
[White "Burja-Udrea, Razvan-Andrei"]
[Black "Borodi, Cosmin-Alin"]
[Result "1/2-1/2"]
[WhiteElo "1365"]
[BlackElo "1919"]
[Annotator "TA"]
[PlyCount "35"]
[EventDate "2022.12.02"]
[EventType "rapid"]
[EventCountry "ROU"]
[SourceTitle "playchess.com"]
[Source "ChessBase"]
[SourceQuality "1"]

1. e4 c5 2. Nf3 e6 3. d4 cxd4 4. Nxd4 a6 5. Nc3 Qc7 6. a3 b5 7. Be3 Bb7 8. f3 Nf6 9. Be2 Be7 10. Qd2 b4 11. axb4 Bxb4 12. Ra4 Bxc3 13. Qxc3 Qxc3+ 14. bxc3 O-O 15. O-O Rc8 16. Ra3 d6 17. Rb1 Bc6 18. Nxc6 1/2-1/2

[Event "Romanian Rapid Open 2022"]
[Site "Sebes"]
[Date "2022.12.02"]
[Round "8.39"]
[White "Sulita, Vlad-Petre"]
[Black "Stan, Luciana-Gabriela"]
[Result "0-1"]
[WhiteElo "1632"]
[BlackElo "1823"]
[Annotator "NA RC COMBH"]
[PlyCount "68"]
[EventDate "2022.12.02"]
[EventType "rapid"]
[EventCountry "ROU"]
[SourceTitle "playchess.com"]
[Source "ChessBase"]
[SourceQuality "1"]

1. e4 c5 2. Nf3 e6 3. d4 cxd4 4. Nxd4 a6 5. Nc3 Qc7 6. a3 Nf6 7. Bd3 d6 8. Be3 Nbd7 9. Qd2 Be7 10. f3 b5 11. g4 Ne5 12. Be2 Nfd7 13. h4 Nb6 14. Rb1 Nbc4 15. Qc1 Nxe3 16. Qxe3 Bb7 17. f4 Nd7 18. g5 Qc5 19. Qd2 Nb6 20. Bf3 Nc4 21. Qf2 Nxa3 22. Rc1 Nc4 23. Nd1 Rc8 24. c3 e5 25. fxe5 Nxe5 26. Qe3 g6 27. b4 Qc4 28. Be2 Qc7 29. Rf1 O-O 30. h5 d5 31. exd5 Bxd5 32. Ra1 Nc4 33. Qf2 Bxg5 34. Rxa6 Bd2# 0-1

[Event "Romanian Rapid Open 2022"]
[Site "Sebes"]
[Date "2022.12.02"]
[Round "8.40"]
[White "Tiloiu, Darius-Lucian"]
[Black "Roncea, Radu"]
[Result "1-0"]
[WhiteElo "1543"]
[BlackElo "1600"]
[Annotator "NA RC COMBH"]
[PlyCount "87"]
[EventDate "2022.12.02"]
[EventType "rapid"]
[EventCountry "ROU"]
[SourceTitle "playchess.com"]
[Source "ChessBase"]
[SourceQuality "1"]

1. d4 Nf6 2. c4 e5 3. dxe5 Ng4 4. Nf3 Nc6 5. e3 Ngxe5 6. Nc3 Bb4 7. Bd2 O-O 8. Be2 d6 9. O-O Bg4 10. Nxe5 Bxe2 11. Nxc6 Bxd1 12. Nxd8 Bxc3 13. Bxc3 Be2 14. Rfe1 Bxc4 15. Nxb7 Be6 16. Na5 Rab8 17. Nc6 Rb7 18. Nd4 Bd7 19. e4 Re8 20. f4 c5 21. Nf5 Rb6 22. Nxg7 Reb8 23. Nf5 Re8 24. Rad1 Re6 25. Ng3 Bc6 26. Kf2 Bb7 27. Re3 Rh6 28. h3 Ba6 29. Nf5 Re6 30. g4 Bc4 31. a3 a5 32. Ree1 Bb3 33. Rd2 Kf8 34. g5 Ba4 35. Ng3 Bb3 36. Nf5 Ba4 37. e5 dxe5 38. Rd8+ Be8 39. Rxe5 Rxe5 40. Bxe5 f6 41. Bxf6 Kf7 42. Nh6+ Kf8 43. Nf5 Kf7 44. Nd6+ 1-0